£38bn for sustainable communities (Record no. 117698)

MARC details
000 -LEADER
fixed length control field 00827cam a2200217 4500
001 - CONTROL NUMBER
control field WB@3612-238
008 - FIXED-LENGTH DATA ELEMENTS--GENERAL INFORMATION
fixed length control field 040714n2004 000 0 eng u
035 ## - SYSTEM CONTROL NUMBER
System control number (Sirsi) u126780
245 ## - TITLE STATEMENT
Title £38bn for sustainable communities
260 ## - PUBLICATION, DISTRIBUTION, ETC.
Date of publication, distribution, etc. 2004
490 ## - SERIES STATEMENT
Series statement ODPM News Release
Volume/sequential designation 2004/0162 13 July 2004 (3)
520 ## - SUMMARY, ETC.
Summary, etc. Following the Chancellor' of the Exchequer'sannouncement of future public sector spending, the Deputy Prime Minister has confirmed that over the five years to 2008, his office will spend £38bn on sustainable communities. http://www.odpm.gov.uk/pns/DisplayPN.cgi?pn_id=200 4_0162
590 ## - LOCAL NOTE (RLIN)
Local note WB
590 ## - LOCAL NOTE (RLIN)
Local note WB
650 ## - SUBJECT ADDED ENTRY--TOPICAL TERM
Topical term or geographic name entry element SUSTAINABLE COMMUNITIES
650 ## - SUBJECT ADDED ENTRY--TOPICAL TERM
Topical term or geographic name entry element PLANNING POLICY
650 ## - SUBJECT ADDED ENTRY--TOPICAL TERM
Topical term or geographic name entry element GOVERNMENT SPENDING
650 ## - SUBJECT ADDED ENTRY--TOPICAL TERM
Topical term or geographic name entry element GOVERNMENT FUNDING
690 ## - LOCAL SUBJECT ADDED ENTRY--TOPICAL TERM (OCLC, RLIN)
Topical term or geographic name as entry element ECONOMIC ISSUES
942 ## - ADDED ENTRY ELEMENTS (KOHA)
Suppress in OPAC 0
Holdings
Withdrawn status Lost status Source of classification or shelving scheme Damaged status Not for loan Home library Current library Shelving location Date acquired Total Checkouts Full call number Barcode Date last seen Copy number Price effective from Koha item type
    Dewey Decimal Classification     London London News article 14/07/2004   WB4027-03 126780-1001 06/08/2019 1 06/08/2019 News article